| 000 | 00602nam a22001817a 4500 | ||
|---|---|---|---|
| 005 | 20140314143510.0 | ||
| 010 | _aENG-109469 | ||
| 020 | _c210.00 | ||
| 035 | _aEN-93002 | ||
| 037 | _bDBAD/PUB | ||
| 082 | _a570.15195 | ||
| 245 | 0 | 0 |
_aBiostatistics computer application bioinformatics and instrumentation / _cby N. Arumugam...[et al] |
| 260 |
_aNagercoil _bSaras Publicaton _c2010 |
||
| 270 |
_a114/35G, A.R.P. Camp Road, Periavilai, Kottar, Nagercoil _bKanyakumari _e629002 |
||
| 300 |
_axii,532p. : _c22cm(pbk) _bill. |
||
| 700 | _aArumugam,N. | ||
| 942 |
_2ddc _cEN _mBIO _h570.15195 |
||
| 999 |
_c82751 _d82751 |
||